on metapsychology the theory of psychoanalysis. (Record no. 542011)
[ view plain ]
| 000 -LEADER | |
|---|---|
| fixed length control field | 00809mam a2200229 i 4500 |
| 020 ## - INTERNATIONAL STANDARD BOOK NUMBER | |
| International Standard Book Number | 0871401185 |
| 082 00 - DEWEY DECIMAL CLASSIFICATION NUMBER | |
| Classification number | 150.195 |
| Author Mark | FRE |
| -- | ml29-p64 |
| 100 1# - MAIN ENTRY--PERSONAL NAME | |
| Personal name | Freud, Sigmund, |
| 9 (RLIN) | 37011 |
| 245 10 - TITLE STATEMENT | |
| Title | on metapsychology the theory of psychoanalysis. |
| Statement of responsibility, etc. | Sigmund Freud ; translated and edited by James Strachey. |
| 260 ## - PUBLICATION, DISTRIBUTION, ETC. | |
| Place of publication, distribution, etc. | New York : |
| Name of publisher, distributor, etc. | Penguins , |
| Date of publication, distribution, etc. | 1977, c1966. |
| 300 ## - PHYSICAL DESCRIPTION | |
| Extent | 493 p. ; |
| Dimensions | 18 cm. |
| 500 ## - GENERAL NOTE | |
| General note | "A Liveright book." |
| 500 ## - GENERAL NOTE | |
| General note | Includes indexes. |
| 500 ## - GENERAL NOTE | |
| General note | Translation of Vorlesungen zur Einführung in die Psychoanalyse. |
| 505 2# - FORMATTED CONTENTS NOTE | |
| Formatted contents note | Parapraxes -- Dreams -- General theory of the neuroses. |
| 526 ## - STUDY PROGRAM INFORMATION NOTE | |
| Program name | 0 |
| Interest level | 0 |
| Reading level | 0 |
| Title point value | 150_195000000000000_FRE |
| 650 #0 - SUBJECT ADDED ENTRY--TOPICAL TERM | |
| Topical term or geographic name entry element | MCE |
| 9 (RLIN) | 379 |
| 650 #0 - SUBJECT ADDED ENTRY--TOPICAL TERM | |
| Topical term or geographic name entry element | Psychoanalysis. |
| 9 (RLIN) | 11876 |
| 650 #2 - SUBJECT ADDED ENTRY--TOPICAL TERM | |
| Topical term or geographic name entry element | Psychoanalysis. |
| 9 (RLIN) | 11876 |
| 700 1# - ADDED ENTRY--PERSONAL NAME | |
| Personal name | Strachey, James. |
| 9 (RLIN) | 37087 |
| 942 ## - ADDED ENTRY ELEMENTS (KOHA) | |
| Source of classification or shelving scheme | |
| Koha item type | Book |
| Withdrawn status | Lost status | Source of classification or shelving scheme | Damaged status | Not for loan | Permanent Location | Current Location | Date acquired | Total Checkouts | Full call number | Barcode | Date last seen | Price effective from | Koha item type |
|---|---|---|---|---|---|---|---|---|---|---|---|---|---|
| Military College of Engineering (MCE) | Military College of Engineering (MCE) | 09/17/2013 | 150.195 FRE | MCE-264017 | 09/17/2013 | 09/17/2013 | Book |
